Mon village-hier et aujourd'hui (Запис номер 378185)
[ съкратено ]
| 000 -Лидер | |
|---|---|
| Контролно поле с фиксирана дължина | nam a22 a 4500 |
| 003 - Код на организацията, давaща контролен номер | |
| Контролно поле | BLK |
| 005 - Дата и час на последна редакция | |
| Контролно поле | 20200731111303.0 |
| 008 - Елементи от данни с фиксирана дължина | |
| fixed length control field | 202007b bul|||||r ||||||| ||bul|| |
| 040 ## - Източник на каталожния запис | |
| Идентификатор на билиотеката - собственик на записа | BLK |
| 041 ## - Код за език | |
| Код за езика на текст/звукозапис или на отделно заглавие | Френски |
| Код за езика КДБФ | Френски |
| 080 ## - УДК | |
| Текстов определител УДК | Комунистически партии. Вж и 327.323 |
| УДК код - определител по УДК | 329.15 |
| УДК - код + определител | 329.15 |
| 080 ## - УДК | |
| Текстов определител УДК | Селско жилищно строителство и селски жилищни сгради. Общи въпроси. Спомагателни селскостоп. сгради вж 728. 9 |
| УДК код - определител по УДК | 728.6 |
| УДК - код + определител | 329.15/728.6 |
| 100 ## - Редна дума - Автор | |
| Автор | Severniac, Seraphime |
| R(LIN) | 422060 |
| 139 ## - Редно поле | |
| Редна дума | Severniac, Seraphime |
| Авторски знак | Sev - S 51 |
| 245 10 - Сведения за заглавието | |
| Заглавие | Mon village-hier et aujourd'hui |
| Редно поле (дума) | Seraphim Severnyak. |
| 257 ## - Страна на издаване | |
| Страна на създаване/издаване | България |
| 260 ## - Област на издателските данни | |
| Име на издателя, разпространителя и проч. | Editions en langues etrangeres |
| Година на издаване | 1961 |
| 9 (RLIN) | 422061 |
| Място на издаване, разпространение и проч. | Sofia |
| 300 ## - Физическа характеристика | |
| Страници | 68 с. |
| Размери/Мащаб | 18 см |
| Илюстрации и др. | с ил. |
| 380 ## - Жанр | |
| Жанр | Обществени науки |
| 500 ## - Общи забележки | |
| Забележка | 5 000 тир |
| 650 #7 - Допълнително описание по предмет – тема | |
| 9 (RLIN) | 171453 |
| Основно описание – тема или топоним | Социалистическо строителство - България |
| 700 1# - Други автори (авторска отговорност) | |
| Лично име | Серафимов, Серафим Николов |
| Автороска отговорност (Описва отношението между автора и произведението) | * |
| 9 (RLIN) | 306551 |
| 852 ## - Местоположение | |
| Форматна сигнатура | Цб І 4796 |
| Фондова буква | Хранилище |
| 856 4# - Електронен адрес и достъп | |
| Електронен формат | pdf - файл |
| 856 4# - Електронен адрес и достъп | |
| Електронен формат | pdf - файл |
| 999 ## - СИСТЕМНИ КОНТРОЛНИ НОМЕРА | |
| Koha biblionumber | 378185 |
| Koha biblioitemnumber | 378185 |
| 942 ## - АРТИКУЛИ | |
| Вид на библиотечния материал | Книги |
| Скрит в OPAC | Не |
| Периодичен библиозапис | Да |
| 944 ## - СЪЗДАВАНЕ И РЕДАКЦИЯ на ЗАПИСА | |
| Създаване/Редакция | Създаване |
| Дата на регистрацията/редакция | 2020-07-31 |
| Статус, дата на статуса | 2020-07-31 |
| Служител, извършил регистрацията/редакцията | К.Д. |
| 999 ## - СИСТЕМНИ КОНТРОЛНИ НОМЕРА | |
| Koha biblioitemnumber | 378185 |
| 999 ## - СИСТЕМНИ КОНТРОЛНИ НОМЕРА | |
| Koha biblioitemnumber | 378185 |
| 999 ## - СИСТЕМНИ КОНТРОЛНИ НОМЕРА | |
| Koha biblioitemnumber | 378185 |
| 999 ## - СИСТЕМНИ КОНТРОЛНИ НОМЕРА | |
| Koha biblioitemnumber | 378106 |
| 999 ## - СИСТЕМНИ КОНТРОЛНИ НОМЕРА | |
| Koha biblioitemnumber | 172643 |
| Код за отписване | Код за изгубен артикул | Източник на класификационната схема | Код за повреда | Коз за рестрикции | Код за отдаване | Артикулен № | Име на библиотеката - собственик | Име на библиотеката, в която се намира в момента | Статус (Текущо местоположение) | Дата на вписване в системата | Местоположение - отдел | Цена в лева | Инвентарен номер | Систематично азбучна сигнатура | Баркод | Цена в евро | Служебен тип на артикула |
|---|---|---|---|---|---|---|---|---|---|---|---|---|---|---|---|---|---|
| Не е изгубен | Universal Decimal Classification | Не е повреден | само за читалня | ползва се в читалня | 787928 | Регионална библиотека "Любен Каравелов" Русе | Регионална библиотека "Любен Каравелов" Русе | Хранилище | 2020-08-05 | Хранилище | 0.10 | 16523/61 | Цб І 4796 | 900000026263 | 0.05 | Книги |